000 00378nam a2200145Ia 4500
008 100122s9999 xx 000 0 und d
082 _b49268
_a823
100 _aHARIHARAN GITHA
245 _aTHE THOUSAND FACES OF NIGHT
260 _bPENGUIN BOOKS
_c1993
300 _a139
630 _aTHE THOUSAND FACES OF NIGHT
730 _aTHE THOUSAND FACES OF NIGHT
942 _cBOOK
999 _c375092
_d375089